[Event "Bayern-chI Bank Hofmann 5th"]
[Site "Bad Wiessee"]
[Date "2001.11.04"]
[Round "9"]
[White "Schneider, Henning"]
[Black "Hammes, Michael"]
[Result "1-0"]
[WhiteElo "2230"]
[BlackElo "2374"]
[PlyCount "81"]
[EventDate "2001.10.27"]
[EventType "swiss"]
[EventRounds "9"]
[EventCountry "GER"]
[SourceTitle "EXT 2003"]
[Source "ChessBase"]
[SourceDate "2002.11.25"]
[SourceVersion "1"]
[SourceVersionDate "2002.11.25"]
[SourceQuality "1"]

1. e4 e6 2. d4 d5 3. Nd2 Nf6 4. e5 Nfd7 5. f4 c5 6. Ndf3 Nc6 7. c3 Qa5 8. Be3 c4 9. g4 b5 10. Ne2 Nb6 11. Bh3 Na4 12. Qc1 b4 13. 0-0 Rb8 14. f5 bxc3 15. bxc3 Rb2 16. Bd2 Ba3 17. fxe6 Bxe6 18. Qe1 Nd8 19. Bc1 Rxe2 20. Qxe2 Qxc3 21. Bxa3 Qxa3 22. Ng5 Qc3 23. Qf2 0-0 24. Bg2 Nb6 25. Nxe6 Nxe6 26. a4 Qxd4 27. Qxd4 Nxd4 28. a5 Nd7 29. Bxd5 Nxe5 30. Rae1 Ndc6 31. Rf5 c3 32. Bxc6 Nxc6 33. Rc5 Nd4 34. Rxc3 g6 35. Re7 a6 36. Kf2 Nb5 37. Rc6 Rd8 38. Rxa6 Rd4 39. Ra8+ Kg7 40. g5 Ra4 41. Ree8 1-0

[Event "Dresden op 10th"]
[Site "Dresden"]
[Date "2001.07.31"]
[Round "6"]
[White "Maiwald, Jens Uwe"]
[Black "Schneider, Henning"]
[Result "1-0"]
[WhiteElo "2522"]
[BlackElo "2215"]
[PlyCount "83"]
[EventDate "2001.07.27"]
[EventType "swiss"]
[EventRounds "9"]
[EventCountry "GER"]
[SourceTitle "EXT 2004"]
[Source "ChessBase"]
[SourceDate "2003.11.25"]
[SourceVersion "1"]
[SourceVersionDate "2003.11.25"]
[SourceQuality "1"]

1. g3 d5 2. Bg2 c6 3. d3 Bg4 4. h3 Bh5 5. Nf3 e6 6. Nbd2 Nd7 7. 0-0 Bc5 8. b3 Ngf6 9. Bb2 0-0 10. e4 h6 11. Qe2 Nh7 12. Qe1 Qe7 13. a3 f5 14. exd5 exd5 15. b4 Bxf3 16. Nxf3 Qxe1 17. Rfxe1 Bb6 18. Re7 Rf7 19. Rae1 Nhf8 20. Nd4 Bxd4 21. Bxd4 a6 22. Bf3 Ng6 23. Rxf7 Kxf7 24. Bh5 Rf8 25. g4 f4 26. Kg2 Nf6 27. Bxf6 Kxf6 28. Bxg6 Kxg6 29. Kf3 Kf6 30. Kxf4 Ra8 31. a4 a5 32. Rb1 axb4 33. Rxb4 c5 34. Rb6+ Kf7 35. Rxb7+ Kf6 36. Rb6+ Kf7 37. Rc6 c4 38. dxc4 Rxa4 39. Kf5 dxc4 40. Rc7+ Kg8 41. c3 Kh7 42. f4 1-0

[Event "Dresden op 10th"]
[Site "Dresden"]
[Date "2001.07.30"]
[Round "5"]
[White "Schneider, Henning"]
[Black "Schwerteck, Michael"]
[Result "1-0"]
[WhiteElo "2215"]
[BlackElo "1997"]
[PlyCount "89"]
[EventDate "2001.07.27"]
[EventType "swiss"]
[EventRounds "9"]
[EventCountry "GER"]
[SourceTitle "EXT 2004"]
[Source "ChessBase"]
[SourceDate "2003.11.25"]
[SourceVersion "1"]
[SourceVersionDate "2003.11.25"]
[SourceQuality "1"]

1. e4 c5 2. Nf3 d6 3. d4 cxd4 4. Nxd4 Nf6 5. Nc3 g6 6. Be3 Bg7 7. f3 0-0 8. Bc4 Nc6 9. Bb3 Bd7 10. Qd2 Qa5 11. 0-0-0 Rfc8 12. h4 Ne5 13. Kb1 b5 14. Ncxb5 Qxd2 15. Rxd2 Rab8 16. Nc3 a5 17. a4 Be8 18. Ndb5 Nfd7 19. Ba7 Rb7 20. Bd5 Nc6 21. Bd4 Nf6 22. Bxc6 Bxc6 23. Na7 Rcc7 24. Ncb5 Bxb5 25. Nxb5 Rc8 26. Bc3 Rc4 27. Rd4 Rc8 28. Rd3 Nd7 29. Bxg7 Kxg7 30. b3 f5 31. exf5 gxf5 32. Re3 Ne5 33. Nd4 Rc4 34. Nb5 Rf4 35. Rc3 Kg6 36. Rc8 Kh5 37. Rg8 Rxh4 38. Rg1 Ng6 39. Rg7 Kh6 40. Nxd6 Kxg7 41. Nxb7 Rh2 42. Nxa5 Nh4 43. b4 Kf6 44. b5 Ke5 45. b6 1-0

[Event "Dresden op 10th"]
[Site "Dresden"]
[Date "2001.07.29"]
[Round "3"]
[White "Schneider, Henning"]
[Black "Fiedler, Holger"]
[Result "1/2-1/2"]
[WhiteElo "2215"]
[BlackElo "1840"]
[PlyCount "56"]
[EventDate "2001.07.27"]
[EventType "swiss"]
[EventRounds "9"]
[EventCountry "GER"]
[SourceTitle "EXT 2004"]
[Source "ChessBase"]
[SourceDate "2003.11.25"]
[SourceVersion "1"]
[SourceVersionDate "2003.11.25"]
[SourceQuality "1"]

1. e4 c5 2. Nf3 Nc6 3. d4 cxd4 4. Nxd4 Nf6 5. Nc3 e5 6. Ndb5 d6 7. Bg5 a6 8. Na3 b5 9. Nd5 Be7 10. Bxf6 Bxf6 11. c3 Bg5 12. Nc2 0-0 13. a4 bxa4 14. Rxa4 a5 15. Bc4 Kh8 16. 0-0 f5 17. exf5 Bxf5 18. Nce3 Bd7 19. Ra1 Rb8 20. b3 Bf4 21. Qd3 Qh4 22. g3 Qh6 23. Qe4 Bg5 24. Ra2 g6 25. f4 exf4 26. gxf4 Bh4 27. Rd2 Rbe8 28. Qg2 Bd8 1/2-1/2

[Event "Oberliga Ost-A 0001"]
[Site "Germany"]
[Date "2001.04.01"]
[Round "9.2"]
[White "Schneider, Henning"]
[Black "Erler, Rainer"]
[Result "0-1"]
[WhiteElo "2204"]
[BlackElo "2159"]
[PlyCount "88"]
[EventDate "2000.10.15"]
[EventType "team-tourn"]
[EventRounds "11"]
[EventCountry "GER"]
[SourceTitle "EXT 2002"]
[Source "ChessBase"]
[SourceDate "2001.11.25"]
[SourceVersion "1"]
[SourceVersionDate "2001.11.25"]
[SourceQuality "1"]
[WhiteTeam "Dresden II"]
[BlackTeam "Anhalt"]
[WhiteTeamCountry "GER"]
[BlackTeamCountry "GER"]

1. e4 e5 2. Nf3 Nc6 3. d4 exd4 4. Nxd4 Qh4 5. Nc3 Bb4 6. Be2 Qxe4 7. Ndb5 Bxc3+ 8. bxc3 Kd8 9. 0-0 Nf6 10. Re1 Re8 11. Be3 d6 12. c4 Bg4 13. c5 d5 14. Nc3 Bxe2 15. Rxe2 Qc4 16. Qd2 Kc8 17. Rd1 Rd8 18. Bg5 d4 19. Bxf6 gxf6 20. Ne4 f5 21. Ng3 Qxc5 22. Qf4 b6 23. Qxf5+ Qxf5 24. Nxf5 Kb7 25. Red2 Rd5 26. Nxd4 Rad8 27. Nxc6 Kxc6 28. Rd3 Rxd3 29. cxd3 Kd5 30. Kf1 Re8 31. Re1 Rxe1+ 32. Kxe1 Kd4 33. Kd2 b5 34. g4 c5 35. g5 Ke5 36. Kc3 Kf5 37. d4 c4 38. h4 Ke4 39. f3+ Kd5 40. a3 a5 41. h5 b4+ 42. axb4 axb4+ 43. Kxb4 Kxd4 44. g6 fxg6 0-1

[Event "Oberliga Ost-A 0001"]
[Site "Germany"]
[Date "2001.03.11"]
[Round "8.2"]
[White "Mehlhorn, Uwe"]
[Black "Schneider, Henning"]
[Result "1/2-1/2"]
[WhiteElo "2165"]
[BlackElo "2204"]
[PlyCount "30"]
[EventDate "2000.10.15"]
[EventType "team-tourn"]
[EventRounds "11"]
[EventCountry "GER"]
[SourceTitle "EXT 2002"]
[Source "ChessBase"]
[SourceDate "2001.11.25"]
[SourceVersion "1"]
[SourceVersionDate "2001.11.25"]
[SourceQuality "1"]
[WhiteTeam "Liebschwitz"]
[BlackTeam "Dresden II"]
[WhiteTeamCountry "GER"]
[BlackTeamCountry "GER"]

1. c4 c6 2. e4 e5 3. Nf3 d6 4. Nc3 g6 5. d4 Bg4 6. Be2 Bg7 7. dxe5 Bxf3 8. Bxf3 dxe5 9. Be3 Qxd1+ 10. Rxd1 Bh6 11. Bc5 Nd7 12. Ba3 Bf8 13. Bxf8 Nxf8 14. Bg4 Nf6 15. Bh3 Ke7 1/2-1/2

[Event "Oberliga Ost-A 0001"]
[Site "Germany"]
[Date "2001.02.18"]
[Round "7.1"]
[White "Stolz, Mike"]
[Black "Schneider, Henning"]
[Result "0-1"]
[WhiteElo "2318"]
[BlackElo "2204"]
[PlyCount "36"]
[EventDate "2000.10.15"]
[EventType "team-tourn"]
[EventRounds "11"]
[EventCountry "GER"]
[SourceTitle "EXT 2002"]
[Source "ChessBase"]
[SourceDate "2001.11.25"]
[SourceVersion "1"]
[SourceVersionDate "2001.11.25"]
[SourceQuality "1"]
[WhiteTeam "Magdeburg USC II"]
[BlackTeam "Dresden II"]
[WhiteTeamCountry "GER"]
[BlackTeamCountry "GER"]

1. e4 e5 2. Nf3 Nf6 3. d4 Nxe4 4. Bd3 Nc6 5. Bxe4 d5 6. Bxh7 Rxh7 7. Nxe5 Qe7 8. 0-0 Nxe5 9. Re1 Nf3+ 10. gxf3 Be6 11. Bf4 0-0-0 12. Nc3 Qf6 13. Bg3 Bd6 14. Qd3 Rdh8 15. Kf1 Bxg3 16. fxg3 Bf5 17. Qb5 c6 18. Qa4 Bd3+ 0-1

[Event "Oberliga Ost-A 0001"]
[Site "Germany"]
[Date "2000.10.15"]
[Round "1.2"]
[White "Eskandary, Jahja"]
[Black "Schneider, Henning"]
[Result "1/2-1/2"]
[WhiteElo "2136"]
[BlackElo "2204"]
[PlyCount "20"]
[EventDate "2000.10.15"]
[EventType "team-tourn"]
[EventRounds "11"]
[EventCountry "GER"]
[SourceTitle "EXT 2002"]
[Source "ChessBase"]
[SourceDate "2001.11.25"]
[SourceVersion "1"]
[SourceVersionDate "2001.11.25"]
[SourceQuality "1"]
[WhiteTeam "Dresden BSW"]
[BlackTeam "Dresden II"]
[WhiteTeamCountry "GER"]
[BlackTeamCountry "GER"]

1. e4 e5 2. Nc3 Bb4 3. a3 Bxc3 4. dxc3 Nf6 5. Bc4 d6 6. Ne2 Be6 7. Bd3 d5 8. f3 Nbd7 9. exd5 Bxd5 10. Ng3 0-0 1/2-1/2

[Event "Leutersdorf Muench Braeu op 05th"]
[Site "Leutersdorf"]
[Date "2000.02.15"]
[Round "4"]
[White "Boidman, Yuri"]
[Black "Schneider, Henning"]
[Result "1-0"]
[WhiteElo "2422"]
[BlackElo "2209"]
[PlyCount "39"]
[EventDate "2000.02.13"]
[EventType "swiss"]
[EventRounds "9"]
[EventCountry "GER"]
[SourceTitle "EXT 2001"]
[Source "ChessBase"]
[SourceDate "2000.11.22"]
[SourceVersion "1"]
[SourceVersionDate "2000.11.22"]
[SourceQuality "1"]

1. e4 e5 2. Nf3 Nf6 3. Nc3 Bb4 4. g3 0-0 5. Bg2 Bxc3 6. dxc3 Nxe4 7. 0-0 d6 8. Nxe5 Nxf2 9. Nxf7 Rxf7 10. Rxf2 Rxf2 11. Kxf2 Qf6+ 12. Kg1 Nc6 13. Qd5+ Be6 14. Qb5 Qe5 15. Qxe5 dxe5 16. Be3 Rd8 17. Re1 Bd5 18. Bh3 h6 19. Rd1 a5 20. Rxd5 1-0

[Event "Bayern-chI Bank Hofmann 3rd"]
[Site "Bad Wiessee"]
[Date "1999.10.27"]
[Round "5"]
[White "Schneider, Henning"]
[Black "Zahn, Wolfgang"]
[Result "0-1"]
[WhiteElo "2188"]
[BlackElo "2280"]
[PlyCount "96"]
[EventDate "1999.10.23"]
[EventType "swiss"]
[EventRounds "9"]
[EventCountry "GER"]
[SourceTitle "EXT 2001"]
[Source "ChessBase"]
[SourceDate "2000.11.22"]
[SourceVersion "1"]
[SourceVersionDate "2000.11.22"]
[SourceQuality "1"]

1. e4 c5 2. Nf3 d6 3. d4 cxd4 4. Nxd4 Nf6 5. Nc3 e6 6. g4 h6 7. h3 Nc6 8. Be3 a6 9. Qe2 Qa5 10. Nb3 Qc7 11. f4 b5 12. Bg2 Bb7 13. Qf2 Nd7 14. 0-0 Be7 15. a3 Rc8 16. Ne2 0-0 17. c3 e5 18. Rad1 Nd8 19. f5 Nf6 20. Ng3 Qb8 21. Na5 Ba8 22. g5 hxg5 23. Bxg5 Ng4 24. Qd2 Qa7+ 25. Kh1 Bxg5 26. Qxg5 Ne3 27. Rxd6 f6 28. Qg6 Nxf1 29. Bxf1 Qf7 30. Qg4 Nc6 31. Nxc6 Rxc6 32. Rd2 Rcc8 33. Qd1 Bc6 34. b3 Qc7 35. c4 Rcd8 36. a4 bxa4 37. bxa4 Rxd2 38. Qxd2 Rd8 39. Qc2 Qa5 40. c5 Qe1 41. Qc4+ Kh8 42. Kh2 Rd2+ 43. Bg2 Qf2 44. Qf1 Qxf1 45. Nxf1 Ra2 46. Kg3 Rxa4 47. Nd2 Rd4 48. Nf3 Rc4 0-1

[Event "GER-ch U20 int"]
[Site "Hamburg"]
[Date "1999.08.23"]
[Round "8"]
[White "Sepman, Yulius"]
[Black "Schneider, Henning"]
[Result "1-0"]
[WhiteElo "2225"]
[BlackElo "2188"]
[PlyCount "114"]
[EventDate "1999.08.??"]
[EventType "swiss"]
[EventRounds "9"]
[EventCountry "GER"]
[SourceTitle "EXT 2000"]
[Source "ChessBase"]
[SourceDate "1999.11.16"]
[SourceVersion "1"]
[SourceVersionDate "1999.11.16"]
[SourceQuality "1"]

1. e4 c5 2. Nc3 Nc6 3. f4 g6 4. Nf3 Bg7 5. Bc4 e6 6. 0-0 Nge7 7. e5 d5 8. exd6 Qxd6 9. d3 Nd4 10. Ne4 Qc7 11. c3 Nxf3+ 12. Qxf3 Bd7 13. Qh3 b6 14. Bd2 Bc6 15. Rae1 0-0-0 16. a4 Nf5 17. Ng5 Kb8 18. Nf3 h6 19. Ne5 Bxe5 20. fxe5 g5 21. Qh5 Rh7 22. Re2 Rg7 23. Be1 Ba8 24. Bg3 Qb7 25. Qg4 Ne3 26. Qf3 Qxf3 27. gxf3 Nxf1 28. Kxf1 Bxf3 29. Rf2 Bc6 30. b3 Kb7 31. Rd2 a6 32. d4 cxd4 33. cxd4 b5 34. axb5 Bxb5 35. Kf2 Rc8 36. Bxb5 axb5 37. d5 exd5 38. Rxd5 Kb6 39. Ke3 Rc3+ 40. Kd4 Rxb3 41. Rd6+ Kb7 42. Rd7+ Kc6 43. e6 Rg8 44. Rd6+ Kb7 45. exf7 Rf8 46. Rf6 g4 47. Bd6 Rf3 48. Rxf3 gxf3 49. Bxf8 f2 50. Bd6 f1Q 51. f8Q Qc4+ 52. Ke5 Qc3+ 53. Ke6 Qc4+ 54. Kf5 Qd3+ 55. Kf6 Qd4+ 56. Kg6 Kc6 57. Bf4 Qe4+ 1-0

[Event "Bischwiller-B"]
[Site "Bischwiller"]
[Date "1999.07.07"]
[Round "5"]
[White "Peter, Sebastien"]
[Black "Schneider, Henning"]
[Result "1/2-1/2"]
[WhiteElo "2234"]
[BlackElo "2228"]
[PlyCount "35"]
[EventDate "1999.07.??"]
[EventType "tourn"]
[EventRounds "9"]
[EventCountry "FRA"]
[EventCategory "4"]
[SourceTitle "EXT 2001"]
[Source "ChessBase"]
[SourceDate "2000.11.22"]
[SourceVersion "1"]
[SourceVersionDate "2000.11.22"]
[SourceQuality "1"]

1. e4 c5 2. Nf3 d6 3. d4 cxd4 4. Nxd4 Nf6 5. Nc3 Nc6 6. Bc4 e6 7. Be3 Be7 8. f4 0-0 9. Qf3 Qc7 10. Bb3 a6 11. f5 Ne5 12. Qg3 exf5 13. exf5 b5 14. Bh6 Nh5 15. Qh3 Nf6 16. Qg3 Nh5 17. Qh3 Nf6 18. Qg3 1/2-1/2

[Event "Bischwiller-B"]
[Site "Bischwiller"]
[Date "1999.07.05"]
[Round "3"]
[White "Lerch, Patrice"]
[Black "Schneider, Henning"]
[Result "0-1"]
[WhiteElo "2253"]
[BlackElo "2228"]
[PlyCount "126"]
[EventDate "1999.07.??"]
[EventType "tourn"]
[EventRounds "9"]
[EventCountry "FRA"]
[EventCategory "4"]
[SourceTitle "EXT 2001"]
[Source "ChessBase"]
[SourceDate "2000.11.22"]
[SourceVersion "1"]
[SourceVersionDate "2000.11.22"]
[SourceQuality "1"]

1. e4 c5 2. Nc3 g6 3. g3 Bg7 4. Bg2 Nc6 5. d3 d6 6. f4 e5 7. Nh3 Nge7 8. 0-0 Nd4 9. fxe5 dxe5 10. Bg5 h6 11. Be3 0-0 12. Qd2 Kh7 13. Nd5 Nxd5 14. exd5 Bxh3 15. Bxh3 Qxd5 16. Qf2 f5 17. Bg2 Qd7 18. c3 Ne6 19. Bxc5 Nxc5 20. Qxc5 Rfd8 21. Rad1 b6 22. Qf2 Rac8 23. g4 fxg4 24. Qf7 Rc7 25. Qxd7 Rcxd7 26. Be4 Rf8 27. a4 h5 28. a5 bxa5 29. Ra1 Rb8 30. Rf2 Bh6 31. Re2 Bf4 32. Kg2 Kg7 33. Rxa5 Rb6 34. b4 g5 35. Rea2 Kf6 36. Rxa7 Rxa7 37. Rxa7 h4 38. h3 g3 39. Kf3 Bd2 40. Rh7 Rb8 41. Rc7 Ke6 42. Ke2 Bc1 43. Bf3 Kd6 44. Rc6+ Kd7 45. Rc5 Kd6 46. b5 Rb6 47. c4 Bb2 48. Rc8 Ke7 49. Rg8 Bc1 50. Be4 Rf6 51. Bf3 Kf7 52. Bd5+ Ke7 53. Bf3 Kf7 54. Rh8 Ba3 55. Bd5+ Ke7 56. Rh7+ Kd8 57. Rf7 g2 58. Rxf6 g1Q 59. Rf3 Bc5 60. Be4 g4 61. hxg4 Qxg4 62. Kd2 h3 63. Rf1 Bb4+ 0-1

[Event "Bischwiller-B"]
[Site "Bischwiller"]
[Date "1999.07.04"]
[Round "2"]
[White "Schneider, Henning"]
[Black "Roser, Kevin"]
[Result "1/2-1/2"]
[WhiteElo "2228"]
[BlackElo "2316"]
[PlyCount "43"]
[EventDate "1999.07.??"]
[EventType "tourn"]
[EventRounds "9"]
[EventCountry "FRA"]
[EventCategory "4"]
[SourceTitle "EXT 2001"]
[Source "ChessBase"]
[SourceDate "2000.11.22"]
[SourceVersion "1"]
[SourceVersionDate "2000.11.22"]
[SourceQuality "1"]

1. e4 c5 2. Nf3 Nc6 3. d4 cxd4 4. Nxd4 Nf6 5. Nc3 d6 6. Bg5 e6 7. Qd2 a6 8. 0-0-0 h6 9. Be3 Be7 10. f3 Nxd4 11. Qxd4 b5 12. g4 Bb7 13. Rg1 Qa5 14. Kb1 b4 15. Ne2 e5 16. Qb6 Qxb6 17. Bxb6 d5 18. Ng3 g6 19. Bc7 dxe4 20. Nxe4 Nxe4 21. fxe4 Bc5 22. Bxe5 1/2-1/2

[Event "Dresden op 08th"]
[Site "Dresden"]
[Date "1999.??.??"]
[Round "?"]
[White "Bauer, Reinhard"]
[Black "Schneider, Henning"]
[Result "1/2-1/2"]
[WhiteElo "2320"]
[BlackElo "2185"]
[PlyCount "41"]
[EventDate "1999.07.15"]
[EventType "swiss"]
[EventRounds "9"]
[EventCountry "GER"]
[SourceTitle "EXT 2000"]
[Source "ChessBase"]
[SourceDate "1999.11.16"]
[SourceVersion "1"]
[SourceVersionDate "1999.11.16"]
[SourceQuality "1"]

1. d4 d5 2. Nc3 Nf6 3. Bg5 Bf5 4. Bxf6 gxf6 5. e3 e6 6. Bd3 Bxd3 7. Qxd3 Nc6 8. 0-0-0 f5 9. Kb1 Qd7 10. Nf3 0-0-0 11. a3 Kb8 12. Ne2 Bd6 13. Nd2 Ne7 14. Nb3 Rc8 15. c4 c5 16. dxc5 Bxc5 17. cxd5 Qxd5 18. Qxd5 Nxd5 19. Nxc5 Rxc5 20. Rc1 Rxc1+ 21. Kxc1 1/2-1/2

[Event "GER-ch U18"]
[Site "Oberhof"]
[Date "1999.??.??"]
[Round "2"]
[White "Haensel, Thomas"]
[Black "Schneider, Henning"]
[Result "1/2-1/2"]
[WhiteElo "2207"]
[BlackElo "2168"]
[PlyCount "36"]
[EventDate "1999.??.??"]
[EventType "swiss"]
[EventRounds "9"]
[EventCountry "GER"]
[SourceTitle "EXT 2000"]
[Source "ChessBase"]
[SourceDate "1999.11.16"]
[SourceVersion "1"]
[SourceVersionDate "1999.11.16"]
[SourceQuality "1"]

1. e4 c5 2. Nf3 Nc6 3. d4 cxd4 4. Nxd4 Nf6 5. Nc3 d6 6. Bg5 e6 7. Qd2 a6 8. 0-0-0 h6 9. Be3 Bd7 10. f3 Qc7 11. Kb1 Na5 12. g4 b5 13. Bd3 Nc4 14. Bxc4 Qxc4 15. h4 g6 16. Nce2 e5 17. Nb3 Be6 18. Ng3 a5 1/2-1/2

[Event "GER-ch U18"]
[Site "Oberhof"]
[Date "1999.??.??"]
[Round "6"]
[White "Schneider, Henning"]
[Black "Grafl, Florian"]
[Result "1/2-1/2"]
[WhiteElo "2168"]
[BlackElo "2258"]
[PlyCount "45"]
[EventDate "1999.??.??"]
[EventType "swiss"]
[EventRounds "9"]
[EventCountry "GER"]
[SourceTitle "EXT 2000"]
[Source "ChessBase"]
[SourceDate "1999.11.16"]
[SourceVersion "1"]
[SourceVersionDate "1999.11.16"]
[SourceQuality "1"]

1. e4 c5 2. Nf3 d6 3. d4 Nf6 4. Nc3 cxd4 5. Nxd4 g6 6. Be3 Bg7 7. f3 0-0 8. Bc4 Nc6 9. Bb3 Bd7 10. Qd2 Qa5 11. h4 Ne5 12. 0-0-0 Rfc8 13. Kb1 Rc5 14. h5 Nxh5 15. g4 Nf6 16. Qh2 Rxc3 17. Bd2 Rac8 18. Bxc3 Rxc3 19. bxc3 Qxc3 20. Qd2 Qc5 21. Rhe1 a5 22. a4 b6 23. Qe3 1/2-1/2

[Event "GER-POL m"]
[Site "Swidnica"]
[Date "1998.06.26"]
[Round "2"]
[White "Schneider, Henning"]
[Black "Jasik, Krzysztof"]
[Result "1/2-1/2"]
[WhiteElo "2220"]
[BlackElo "2200"]
[PlyCount "84"]
[EventDate "1998.??.??"]
[EventType "team-tourn"]
[EventRounds "2"]
[EventCountry "POL"]
[SourceTitle "EXT 2002"]
[Source "ChessBase"]
[SourceDate "2001.11.25"]
[SourceVersion "1"]
[SourceVersionDate "2001.11.25"]
[SourceQuality "1"]

1. e4 c5 2. Nf3 Nc6 3. d4 cxd4 4. Nxd4 e5 5. Nb5 d6 6. a4 Be6 7. N1c3 a6 8. Na3 Be7 9. Bc4 Nf6 10. Bg5 0-0 11. Bxf6 Bxf6 12. 0-0 Rc8 13. Nd5 Bg5 14. b3 Kh8 15. Qe1 f5 16. Nb6 Qxb6 17. Bxe6 Rce8 18. Bxf5 Nd4 19. Qd1 Qc6 20. Qg4 Nxf5 21. exf5 Bh6 22. Qc4 Rxf5 23. Rad1 Rf6 24. Qd5 g6 25. Nc4 Bf8 26. Rd2 Rc8 27. a5 Kg7 28. Rfd1 Qxd5 29. Rxd5 Rc6 30. f3 Kf7 31. Ne3 Ke6 32. c4 h5 33. Re1 Kf7 34. Nd1 Rf4 35. Nb2 Rd4 36. Rd1 Rxd1+ 37. Nxd1 Bh6 38. Nc3 Ke6 39. Ne4 b6 40. axb6 Rxb6 41. Rd3 Bf8 42. Kf2 Be7 1/2-1/2

[Event "GER-POL m"]
[Site "Swidnica"]
[Date "1998.06.24"]
[Round "1"]
[White "Blehm, Pawel"]
[Black "Schneider, Henning"]
[Result "1-0"]
[WhiteElo "2380"]
[BlackElo "2220"]
[PlyCount "67"]
[EventDate "1998.??.??"]
[EventType "team-tourn"]
[EventRounds "2"]
[EventCountry "POL"]
[SourceTitle "EXT 2002"]
[Source "ChessBase"]
[SourceDate "2001.11.25"]
[SourceVersion "1"]
[SourceVersionDate "2001.11.25"]
[SourceQuality "1"]

1. e4 c5 2. Nf3 Nc6 3. d4 cxd4 4. Nxd4 Nf6 5. Nc3 d6 6. f3 e5 7. Nb3 Be6 8. Nd5 Bxd5 9. exd5 Nb8 10. Be3 Be7 11. Qd2 0-0 12. g4 Nfd7 13. 0-0-0 Qc7 14. Kb1 a5 15. a4 Nb6 16. Bxb6 Qxb6 17. Bb5 Qc7 18. h4 Nd7 19. Qe2 Rfe8 20. Nd2 Bf8 21. Ne4 Re7 22. Ng3 g6 23. Ne4 Bg7 24. g5 f5 25. gxf6 Nxf6 26. Ng5 Nh5 27. Rhg1 Nf4 28. Qe4 Rc8 29. c3 Bf6 30. Ne6 Rxe6 31. dxe6 Bxh4 32. Rg4 Qe7 33. Rxh4 Qxh4 34. Qxb7 1-0